|
|
|
|
| LEADER |
00000nab a2200000 a 4500 |
| 001 |
vtls000538585 |
| 003 |
SK-MaSNL |
| 005 |
20260303210732.0 |
| 008 |
140821c1994 xo 0 slo |
| 015 |
|
|
|a SNBRB19rr/mm-uuuuu
|
| 035 |
|
|
|a CL0538723
|
| 040 |
|
|
|a SNKBUCL
|b slo
|c SNKBUCL
|e AACR2
|
| 041 |
0 |
|
|a slo
|
| 044 |
|
|
|a xo
|c SK
|
| 080 |
|
|
|a 379.8-053.81(437.6)
|2 1981
|
| 080 |
|
|
|a 362.845
|2 1981
|
| 100 |
1 |
|
|a Bieliková, Marcela
|4 aut
|9 11719
|
| 245 |
1 |
0 |
|a O mládeži a jej voľnom čase
|c Marcela Bieliková
|
| 300 |
|
|
|b Lit. 2 zázn. v slov.
|
| 650 |
0 |
7 |
|a mládež
|2 snkbucl
|9 1575
|
| 650 |
0 |
7 |
|a voľný čas
|2 snkbucl
|9 3355
|
| 655 |
|
7 |
|a články z novín a časopisov
|2 snkbucl
|9 267496
|
| 773 |
0 |
|
|t Mládež a spoločnosť
|g Č. 3 (1994), s. 53-55
|
| 850 |
|
|
|a Slovenská národná knižnica v Martine
|a MTA001
|
| 852 |
|
|
|a SNK
|b KIS3GCP
|
| 958 |
|
|
|a RK
|
| 992 |
|
|
|a RBX
|
| 999 |
|
|
|c 2201440
|d 2203370
|